The truth about hiring the best / (Record no. 35154)

MARC details
000 -LEADER
fixed length control field 01434cam a2200337 a 4500
005 - DATE AND TIME OF LATEST TRANSACTION
control field 20090803184918.0
008 - FIXED-LENGTH DATA ELEMENTS--GENERAL INFORMATION
fixed length control field 070328s2008 nju b 000 0 eng
010 ## - LCCN (DPL NO)
LC control number ENG-96001
020 ## - INTERNATIONAL STANDARD BOOK NUMBER
International Standard Book Number 9788131718537 (pbk. : alk. paper)
Terms of availability 250.00
035 ## - SYSTEM CONTROL NUMBER
System control number EN-79534
037 ## - SOURCE OF ACQUISITION
Source of stock number/acquisition DBAD/VEN
040 ## - CATALOGING SOURCE
Original cataloging agency DPL
082 ## - DEWEY DECIMAL CLASSIFICATION NUMBER
Classification number 658.314
Edition number 22
100 ## - MAIN ENTRY--PERSONAL NAME
Personal name Fyock, Catherine D.
245 ## - TITLE STATEMENT
Title The truth about hiring the best /
Statement of responsibility, etc by Cathy Fyock.
246 ## - VARYING FORM OF TITLE
Title proper/short title Hiring the best
260 ## - PUBLICATION, DISTRIBUTION, ETC. (IMPRINT)
Place of publication, distribution, etc New Delhi
Name of publisher, distributor, etc Dorling Kindersley (India) Pvt. Ltd., licensees of Pearson Education
Date of publication, distribution, etc c2008.
270 ## - ADDRESS
Address 14, Local Shopping Centre, panchsheel Park
City New Delhi
Postal code 110017
300 ## - PHYSICAL DESCRIPTION
Extent viii, 215 p. ;
Dimensions 22 cm.
490 ## - SERIES STATEMENT
Series statement The truth about
500 ## - GENERAL NOTE
General note Includes bibliographical references
650 ## - SUBJECT ADDED ENTRY--TOPICAL TERM
Topical term or geographic name as entry element Employee motivation
Geographic subdivision United States.
650 ## - SUBJECT ADDED ENTRY--TOPICAL TERM
Topical term or geographic name as entry element Employees
Geographic subdivision United States.
650 ## - SUBJECT ADDED ENTRY--TOPICAL TERM
Topical term or geographic name as entry element Supervisors
Geographic subdivision United States.
830 ## - SERIES ADDED ENTRY--UNIFORM TITLE
Uniform title Prentice Hall truth about series.
856 ## - ELECTRONIC LOCATION AND ACCESS
Uniform Resource Identifier <a href="http://www.loc.gov/catdir/toc/ecip0716/2007013234.html">http://www.loc.gov/catdir/toc/ecip0716/2007013234.html</a>
942 ## - ADDED ENTRY ELEMENTS (KOHA)
Source of classification or shelving scheme Dewey Decimal Classification
Item type English Books
Call number suffix FYO
Classification part 658.314
Holdings
Withdrawn status Lost status Source of classification or shelving scheme Materials specified (bound volume or other part) Damaged status Not for loan Collection code Home library Current library Date acquired Source of acquisition Cost, normal purchase price Total Checkouts Full call number Barcode Date last seen Copy number Cost, replacement price Koha item type
    Dewey Decimal Classification Pbk   Not For Loan Non-fiction D.B.Act.Division D.B.Act.Division 08/03/2010 DBAD/VEN 250.00   658.314 FYO EN-79534 08/04/2010 1 250.00 English Books

© Delhi Public Library
Hit Counter
free hit counter